000 01547nam a22002777a 4500
005 20220124142033.0
008 220124b ||||| |||| 00| 0 eng d
020 _a9780713999822
040 _cAL
041 _aeng
082 _223
_a332.11092
_bGREA
100 _aAlan Greenspan
_914523
245 _aAge of Turbulence: Adventures in a New World
260 _aEngland
_bPenguin Books
_c2007
300 _avi,531 p.
_bHB
_c24x16 cm.
365 _b25.00
_c£
_d25.00
520 _aThe Age Of Turbulence is Alan Greenspan’s incomparable reckoning with the contemporary financial world, channeled through his own experiences working in the command room of the global economy longer and with greater effect than any other single living figure. Following the arc of his remarkable life’s journey through his more than eighteen-year tenure as chairman of the Federal Reserve Board to the present, in the second half of The Age of Turbulence Dr. Greenspan embarks on a magnificent tour d’horizon of the global economy. The distillation of a life’s worth of wisdom and insight into an elegant expression of a coherent worldview, The Age of Turbulence will stand as Alan Greenspan’s personal and intellectual legacy.
650 _aGovernment Economists
_914514
650 _aInternational Economic Relations
_914515
650 _aGlobalization
_914516
650 _aCapitalists and Financiers
_914517
650 _aEconomic History
_914518
650 _aEconomic Policy
_914519
700 _aGREENSPAN (Alan)
_914520
942 _2ddc
_cGF
999 _c221322
_d221322